000
00328 a2200157 4500
001
176606
020
_a
040
_c
Magnum
100
_a
Marceau, Claude
240
1
0
_a
Menino-sem-alma
_l
por
245
1
0
_a
Menino-sem-alma
362
0
_a
1899
440
1
_a
Ática
697
_a
MAGNITO: J/SOCIEDADE, COTIDIAN
942
_c
BK
999
_c
176606
_d
176606